[Event "GER-chT School WK GS"]
[Site "Playchess.com INT"]
[Date "2020.06.18"]
[Round "7.3"]
[White "Sathanandarajah, Thanusan"]
[Black "Marx, Benjamin"]
[Result "0-1"]
[WhiteElo "1362"]
[BlackElo "1260"]
[PlyCount "66"]
[EventDate "2020.06.11"]
[EventType "team-swiss (blitz)"]
[EventRounds "7"]
[EventCountry "GER"]
[SourceTitle "EXT 2021"]
[Source "ChessBase"]
[SourceDate "2020.10.23"]
[SourceVersion "1"]
[SourceVersionDate "2020.10.23"]
[SourceQuality "1"]
[WhiteTeam "Rauch BW"]
[BlackTeam "Sennewitz Sah"]
[WhiteTeamCountry "GER"]
[BlackTeamCountry "GER"]

1. e4 e5 2. Nf3 Nc6 3. Nc3 Nf6 4. Bc4 Bb4 5. 0-0 Qe7 6. d3 h6 7. Be3 0-0 8. h3 d6 9. a3 Ba5 10. b4 Bb6 11. b5 Nd4 12. Nxd4 exd4 13. Bxd4 Bxd4 14. Qd2 Qe5 15. Ra2 Bxc3 16. Qe3 Bd4 17. Qe2 Be6 18. Bxe6 Qxe6 19. a4 Qxa2 20. Qd2 Qxa4 21. c3 Qa5 22. Qc2 Bxc3 23. Rb1 Rfe8 24. b6 axb6 25. Re1 Bxe1 26. d4 Qa1 27. Qe2 Rxe4 28. Qd3 Rf4 29. Qe3 Bxf2+ 30. Kh2 Bxe3 31. d5 Ra2 32. h4 Qh1+ 33. Kxh1 Rxh4# 0-1